000
00334nam a2200109Ia 4500
008
231129s9999||||xx |||||||||||||| ||spa||
020
_a
1692-5726
082
_a
R00229
245
0
_a
Sin fundamento: Revista Colombiana de Filosofía
264
_a
Pereira : Universidad Libre
942
_2
ddc
_c
BKS
999
_c
24640
_d
24640